| 000 | 01019nam a2200277 c 4500 | ||
|---|---|---|---|
| 003 | BLK | ||
| 005 | 20220614155820.0 | ||
| 008 | 180411b bul|||||r ||||||| ||bul|| | ||
| 010 | _aKNG00193347000 | ||
| 040 | _aBLK | ||
| 041 |
_aBUL _cBUL |
||
| 080 |
_aБългарска литература _b821.163.2 _x-1 _z821.163.2-1 |
||
| 100 | 1 |
_aДинков, Иван _eпърви автор _9369707 |
|
| 700 | 1 |
_aКелбечев, Димитър Петров _eхудож. _978035 |
|
| 139 |
_aДинков, Иван _bД 62 |
||
| 245 | 1 | 0 |
_aПризнания пред Бела Цонева _bСтихотворения _cИван Динков; худож. Димитър Петров Келбечев. |
| 257 | _aBGR | ||
| 260 |
_аПловдив _bХристо Г. Данов _c1988 |
||
| 300 |
_a84 с. _bс ил. _c21 см |
||
| 380 | _aX | ||
| 852 | _aЦб 156653 | ||
| 856 | 4 |
_qpdf _u |
|
| 856 | 4 |
_qpdf _u |
|
| 942 |
_cKNG _n0 _01 |
||
| 944 |
_aCR _c17.10.2016 _kТеодора_Стоянова |
||
| 944 |
_aED _c17.10.2016 _kТеодора_Стоянова |
||
| 999 |
_c184394 _d184394 |
||